Derecho constitucional : (Registro nro. 28546)

Detalles MARC
000 -LEADER
fixed length control field 02677nam a2200349Ia 4500
003 - CONTROL NUMBER IDENTIFIER
control field CO-CtgCURN
005 - DATE AND TIME OF LATEST TRANSACTION
control field 20250408213311.0
008 - FIXED-LENGTH DATA ELEMENTS--GENERAL INFORMATION
fixed length control field 190722s1999 xx 000 0 und d
020 ## - INTERNATIONAL STANDARD BOOK NUMBER
International Standard Book Number 9586650251
040 ## - CATALOGING SOURCE
Original cataloging agency CO-CtgCURN
Language of cataloging spa
Transcribing agency coctgcurn
082 ## - DEWEY DECIMAL CLASSIFICATION NUMBER
Classification number 342.861
Item number D431d
245 #0 - TITLE STATEMENT
Title Derecho constitucional :
Remainder of title perspectivas críticas /
Statement of responsibility, etc. director., Manuel José Cepeda... [et al.].
260 ## - PUBLICATION, DISTRIBUTION, ETC.
Place of publication, distribution, etc. Bogotá, Colombia :
Name of publisher, distributor, etc. Siglo del Hombre;
-- Universidad de los Andes,
Date of publication, distribution, etc. 1999
300 ## - PHYSICAL DESCRIPTION
Extent 456 páginas ;
Dimensions 23 centímetros
440 ## - SERIES STATEMENT/ADDED ENTRY--TITLE
Title Biblioteca universitaria. Ciencias sociales y humanidades
9 (RLIN) 8994
500 ## - GENERAL NOTE
General note Incluye índice
504 ## - BIBLIOGRAPHY, ETC. NOTE
Bibliography, etc. note Incluye referencias bibliográficas al pie del texto.
505 ## - FORMATTED CONTENTS NOTE
Formatted contents note 1. Ensayos -- 2. Lineas jurisprudenciales : Tendencias de 1997 -- 3. Estadisticas de la justicia constitucional.
520 ## - SUMMARY, ETC.
Summary, etc. Hoy en día el estudio comprehensivo del derecho constitucional exige un conocimiento suficiente de los rasgos y tendencias que en los últimos tiempos han acompañado su desarrollo como área fundamental de la disciplina jurídica. La cantidad, variedad y complejidad de los temas involucrados que van desde los derechos fundamentales hasta la organización del estado, pasando por las relaciones internacionales y la participación democrática de los ciudadanos, hacen de primera importancia el análisis de un objeto de estudio que, como el derecho constitucional, se encuentra a continuas revisiones y nuevos puntos de partida. Este libro fruto del trabajo del Observatorio de Justicia Constitucional de la facultad de derecho de la Universidad de los Andes es un esfuerzo por lograr este cometido. En él se incluyen artículos y reseñas que examinan con detenimiento temas centrales del derecho y la jurisprudencia constitucional. Además presenta una relación completa de los principales ejes temáticos tratados por la corte constitucional durante 1997, en donde se recopila el contenido esencial de sus fallos más representativos y las principales razones que los sustentan.
521 ## - TARGET AUDIENCE NOTE
Target audience note AREA PROFESIONAL
590 ## - LOCAL NOTE (RLIN)
Local note Programa de Derecho_18
650 ## - SUBJECT ADDED ENTRY--TOPICAL TERM
Topical term or geographic name entry element Derecho constitucional y administrativo
9 (RLIN) 8991
Geographic subdivision Colombia
700 ## - ADDED ENTRY--PERSONAL NAME
Personal name Barreto Rozo, Antonio
Relator term coordinador
-- autor
9 (RLIN) 8992
700 ## - ADDED ENTRY--PERSONAL NAME
Personal name Cepeda, José Manuel
Relator term director
9 (RLIN) 8993
700 ## - ADDED ENTRY--PERSONAL NAME
Personal name Ariza, Libardo
Relator term autor
9 (RLIN) 8995
700 ## - ADDED ENTRY--PERSONAL NAME
Personal name Jaramillo, Isabel Cristina
Relator term autor
9 (RLIN) 8996
700 ## - ADDED ENTRY--PERSONAL NAME
Personal name Galland, Yannick
Relator term autor
9 (RLIN) 8997
700 ## - ADDED ENTRY--PERSONAL NAME
Personal name Arrieta, Aquiles
Relator term autor
9 (RLIN) 8998
700 ## - ADDED ENTRY--PERSONAL NAME
Personal name Calle Lombana, Humberto de la
Dates associated with a name 1946-
Relator term autor
9 (RLIN) 8999
942 ## - ADDED ENTRY ELEMENTS (KOHA)
Koha item type Libros
Classification part 342.861
Item part D431d
Source of classification or shelving scheme Dewey Decimal Classification
Suppress in OPAC No
Existencias
Withdrawn status Lost status Damaged status Not for loan Collection Home library Current library Shelving location Date acquired Inventory number Total checkouts Full call number Barcode Date last seen Copy number Price effective from Koha item type
          Miguel Henríquez Castañeda Barranquilla Miguel Henríquez Castañeda Barranquilla General 05/23/2018 01072   342.861 D431d 01072 07/22/2019 ej.1 07/22/2019 Libros